Price control in India, with special reference to food supply (Record no. 358430)

000 -LEADER
fixed length control field 00417cam a22001337a 4500
008 - FIXED-LENGTH DATA ELEMENTS--GENERAL INFORMATION
fixed length control field 180718b1946 xxu||||| |||| 00| 0 eng d
082 ## - DEWEY DECIMAL CLASSIFICATION NUMBER
Classification number T12301x54 An57
100 ## - MAIN ENTRY--PERSONAL NAME
Personal name Anjaria, J.J.
245 ## - TITLE STATEMENT
Title Price control in India, with special reference to food supply
Statement of responsibility, etc. by J.J. Anjaria...[et.al.]
260 ## - PUBLICATION, DISTRIBUTION, ETC.
Place of publication, distribution, etc. Bombay
Name of publisher, distributor, etc. Popular
Date of publication, distribution, etc. 1946
300 ## - PHYSICAL DESCRIPTION
Extent 153p.
650 ## - SUBJECT ADDED ENTRY--TOPICAL TERM
Topical term or geographic name entry element Price fixing - India
650 ## - SUBJECT ADDED ENTRY--TOPICAL TERM
Topical term or geographic name entry element Prices - Regulation - India
Holdings
Withdrawn status Lost status Damaged status Not for loan Permanent Location Current Location Date acquired Full call number Barcode Date last seen Price effective from Koha item type
        Indian Institute of Public Administration Indian Institute of Public Administration 1994-01-28 T12301x54 An57 36470 2018-07-21 2018-07-21 Book

Powered by Koha